000 00431nam a2200157 4500
001 132264
003 ES-MaACL
005 20230906194135.0
007 t|
008 070214s1959 sp r ||||1| spa d
100 1 _aRomero, Emilio.
_999320
245 1 3 _aEl vagabundo pasa de largo
_b: novela /
_cEmilio Romero.
260 _aBarcelona :
_bPlaneta,
_c1959.
300 _a345 p. ;
_c19 cm.
852 _aES-MaACL
_jC-17141
_bR.45081
999 _c132264
_d132264